书目信息 |
| 题名: |
中国古代文学作品选读
|
|
| 作者: | ;中国古代文学作品选读编写组 编著 | |
| 分册: | ||
| 出版信息: | 南昌 江西人民出版社 1984 |
|
| 页数: | 646页 | |
| 开本: | 19cm | |
| 丛书名: | ||
| 单 册: | ||
| 中图分类: | I212.1 , I211 | |
| 科图分类: | ||
| 主题词: | 古典文学--作品--中国--选集 | |
| 电子资源: | ||
| ISBN: | ||
| 000 | 00704nam0 2200229 450 | |
| 001 | 1547675823 | |
| 005 | 20150127101047.98 | |
| 010 | @dCNY1.76 | |
| 091 | @a7110.442 | |
| 100 | @a19950612d1984 em y0chiy0110 ea | |
| 101 | 0 | @achi |
| 102 | @aCN@b360000 | |
| 105 | @ay z 000yy | |
| 200 | 1 | @a中国古代文学作品选读@9zhong guo gu dai wen xue zuo pin xuan du@f中国古代文学作品选读编写组编著 |
| 210 | @a南昌@c江西人民出版社@d1984 | |
| 215 | @a646页@d19cm | |
| 606 | 0 | @a古典文学@x作品@y中国@x选集 |
| 690 | @aI212.1@v5 | |
| 690 | @aI211@v4 | |
| 711 | 02 | @a中国古代文学作品选读编写组@9zhong guo gu dai wen xue zuo pin xuan du bian xie zu@4编著 |
| 801 | 0 | @aCN@bTSSF@c20150127 |
| 905 | @aZUCC@dI211@eJY45 | |
| 中国古代文学作品选读/中国古代文学作品选读编写组编著.-南昌:江西人民出版社,1984 |
| 646页;19cm |
| ISBN :CNY1.76 |
| ● |
| 相关链接 |
|
|
|
|
正题名:中国古代文学作品选读
索取号:I211/JY45
 
预约/预借
| 序号 | 登录号 | 条形码 | 馆藏地/架位号 | 状态 | 备注 |
| 1 | 7838303 | 278383036 | 学院路分馆/ [索取号:I211/JY45] | 在馆 | |
| 2 | 7838307 | 278383072 | 学院路分馆/ [索取号:I211/JY45] | 在馆 | |
| 3 | 7841528 | 278415289 | 学院路分馆/ [索取号:I211/JY45] | 在馆 | |
| 4 | 7841529 | 278415298 | 学院路分馆/ [索取号:I211/JY45] | 在馆 |